00000000nam 2200000zi 4500
0019.940076
003CaOODSP
00520251029135823
006m     o  d f      
007cr cn ||||||||
008240702t20242024oncdab  ob   f00| 0 eng d
020 |a9780660726137
040 |aCaOODSP|beng|erda|cCaOODSP
043 |an-cn---
0861 |aM41-11/170-2024E-PDF
1001 |aTodd, Brian J. |q(Brian Jeremy)|eauthor.
24510|aBenthic habitat of the Gulf of Maine, offshore Nova Scotia : |bthe legacy of Mesozoic to Cenozoic geological history / |cB.J. Todd.
264 1|a[Ottawa] : |bGeological Survey of Canada, |c2024.
264 4|c©2024
300 |a1 online resource (1 page) : |bcharts, illustrations, maps.
336 |atext|btxt|2rdacontent
337 |acomputer|bc|2rdamedia
338 |aonline resource|bcr|2rdacarrier
4901 |aScientific presentation ; |v170
500 |a"Presented at 2024 Annual GeoHab Conference, Arendal, Norway. Date presented: May 2024."
504 |aIncludes bibliographical references.
650 0|aMarine benthic ecology|zMaine, Gulf of.
650 0|aHistorical geology|zMaine, Gulf of.
650 6|aÉcologie marine benthique|zMaine, Golfe du.
650 6|aGéologie historique|zMaine, Golfe du.
7102 |aGeological Survey of Canada, |eissuing body.
830#0|aScientific presentation (Geological Survey of Canada)|v170.|w(CaOODSP)9.820265
85640|qPDF|s27.90 MB|uhttps://publications.gc.ca/collections/collection_2025/rncan-nrcan/m41-11/M41-11-170-2024-eng.pdf
8564 |qHTML|sN/A|u https://doi.org/10.4095/ppqrvcdqus